000 00506nam a2200193 i 4500
001 76789
003 ES-MaACL
005 20240421063020.0
007 t|
008 041005s1970 sp ||||1| spa d
080 _a860-14"19"
100 _aGuillén, Rafael,
_d1933-2023
_9235890
245 1 4 _aLos vientos /
_cRafael Guillén.
260 _aMadrid :
_bRevista de Occidente,
_c[1970]
300 _a105 p. ;
_c22 cm.
852 _aES-MaACL
_jC-38430
942 _2udc
999 _c76789
_d76789